[Event "GER-chT U12 Girls"]
[Site "Berlin"]
[Date "2022.12.29"]
[Round "7.4"]
[White "Mehner, Clara"]
[Black "Le, Thao Linh"]
[Result "1-0"]
[WhiteElo "1200"]
[BlackElo "1182"]
[PlyCount "59"]
[EventDate "2022.12.26"]
[EventType "team-swiss"]
[EventRounds "7"]
[EventCountry "GER"]
[SourceTitle "EXT 2024"]
[Source "ChessBase"]
[SourceDate "2023.10.10"]
[SourceVersion "1"]
[SourceVersionDate "2023.10.10"]
[SourceQuality "1"]
[WhiteTeam "Chemnitz USG"]
[BlackTeam "Oberschoeneweide"]
[WhiteTeamCountry "GER"]
[BlackTeamCountry "GER"]

1. e4 c6 2. d4 d5 3. Bd3 e6 4. Nc3 c5 5. Nf3 Nc6 6. Be3 Qb6 7. exd5 cxd4 8. Nxd4 Nxd4 9. Bxd4 Qxd4 10. Bb5+ Bd7 11. Qxd4 Rd8 12. dxe6 fxe6 13. Qe4 Kf7 14. Qxb7 Nf6 15. Rd1 Ke8 16. Qxa7 Bb4 17. Bxd7+ Nxd7 18. Qc7 Ke7 19. 0-0 Rhf8 20. a3 Bc5 21. Ne4 Bb6 22. Qd6+ Kf7 23. Ng5+ Kg6 24. Nxe6 Rf6 25. Qg3+ Kf7 26. Nxd8+ Bxd8 27. Rxd7+ Ke8 28. Qxg7 h5 29. Re1+ Re6 30. Qf7# 1-0

[Event "GER-chT U12 Girls"]
[Site "Berlin"]
[Date "2022.12.28"]
[Round "5.3"]
[White "Le, Thao Linh"]
[Black "Xiao, Yiyi1111"]
[Result "0-1"]
[WhiteElo "1182"]
[BlackElo "1162"]
[PlyCount "74"]
[EventDate "2022.12.26"]
[EventType "team-swiss"]
[EventRounds "7"]
[EventCountry "GER"]
[SourceTitle "EXT 2024"]
[Source "ChessBase"]
[SourceDate "2023.10.10"]
[SourceVersion "1"]
[SourceVersionDate "2023.10.10"]
[SourceQuality "1"]
[WhiteTeam "Oberschoeneweide"]
[BlackTeam "Berlin Weisse Dame"]
[WhiteTeamCountry "GER"]
[BlackTeamCountry "GER"]

1. e4 e5 2. Nc3 Bc5 3. Bc4 d6 4. d3 Nf6 5. Bg5 Be6 6. Bb3 h6 7. Be3 Bb6 8. h3 Nc6 9. Nd5 Bxe3 10. fxe3 Bxd5 11. exd5 Ne7 12. e4 Ng6 13. Nf3 Nf4 14. Qd2 0-0 15. d4 Nxe4 16. Qe3 Nxg2+ 17. Ke2 Nxe3 18. Kxe3 exd4+ 19. Nxd4 Qg5+ 20. Kf3 Qf6+ 21. Ke3 Nc5 22. Bc4 Rae8+ 23. Kd2 Qxd4+ 24. Bd3 Qe3+ 25. Kd1 Nxd3 26. cxd3 Qxd3+ 27. Kc1 Re2 28. Rd1 Qc4+ 29. Kb1 Rfe8 30. a3 R8e3 31. Rc1 Qb3 32. Ra2 Qxd5 33. Ka1 Rb3 34. Rb1 Qc4 35. h4 a5 36. h5 Rc3 37. a4 Rc1 0-1

[Event "GER-chT U12 Girls"]
[Site "Berlin"]
[Date "2022.12.27"]
[Round "1"]
[White "Le, Thao Linh"]
[Black "Hoffmann, Svenja"]
[Result "0-1"]
[WhiteElo "1182"]
[BlackElo "1431"]
[PlyCount "56"]
[EventDate "2022.12.26"]
[EventType "team-swiss"]
[EventRounds "7"]
[EventCountry "GER"]
[SourceTitle "CBM 212 Extra"]
[Source "ChessBase"]
[SourceDate "2023.03.31"]
[SourceVersion "1"]
[SourceVersionDate "2023.03.31"]
[SourceQuality "1"]
[WhiteTeam "Oberschoeneweide"]
[BlackTeam "Magdeburg Schachzwerge"]
[WhiteTeamCountry "GER"]
[BlackTeamCountry "GER"]

1. e4 e5 2. Nc3 Nc6 3. Bc4 Bc5 4. d3 d6 5. Be3 Bb6 6. h3 Be6 7. Nge2 Nge7 8. 0-0 Qd7 9. a3 Ng6 10. Kh2 0-0-0 11. Nd5 Bxe3 12. fxe3 Nce7 13. Ng3 Rdf8 14. Qf3 c6 15. Nxe7+ Nxe7 16. a4 g6 17. Qf6 h5 18. Qg7 Rfg8 19. Qf6 h4 20. Ne2 g5 21. Rf2 g4 22. hxg4 Bxg4 23. Bxf7 Rf8 24. Raf1 Rh7 25. Qg5 Bxe2 26. Be6 Qxe6 27. Rxf8+ Kc7 28. R1f2 Bg4 0-1

[Event "GER-ch U12 Girls"]
[Site "Willingen"]
[Date "2022.06.10"]
[Round "8"]
[White "Mader, Theresa"]
[Black "Le, Thao Linh"]
[Result "0-1"]
[WhiteElo "1339"]
[BlackElo "1093"]
[PlyCount "112"]
[EventDate "2022.06.04"]
[EventType "swiss"]
[EventRounds "9"]
[EventCountry "GER"]
[SourceTitle "CBM 208 Extra"]
[Source "ChessBase"]
[SourceDate "2022.07.31"]
[SourceVersion "1"]
[SourceVersionDate "2022.07.31"]
[SourceQuality "1"]

1. d4 Nf6 2. Nf3 g6 3. g3 d6 4. Bg2 Be6 5. 0-0 Bg7 6. Bf4 Nbd7 7. c3 0-0 8. Qd2 a5 9. Bh6 Ng4 10. Bxg7 Kxg7 11. h3 Ngf6 12. Kh2 c5 13. Ng5 Bc4 14. Bxb7 Rb8 15. Bg2 cxd4 16. cxd4 Qb6 17. b3 Ba6 18. Re1 h6 19. Nf3 Ne4 20. Qe3 f5 21. Nc3 Ndf6 22. Nxe4 Nd5 23. Qd2 fxe4 24. Ng1 Rxf2 25. Rf1 e3 26. Qd1 Rbf8 27. Rxf2 Rxf2 28. Rc1 Qb4 29. Kh1 Nc3 30. Qc2 Nxe2 31. Nxe2 Bxe2 32. Qe4 Qd2 33. Rg1 Bd3 34. Qxe7+ Rf7 35. Qe6 Qf2 36. Be4 Bxe4+ 37. Qxe4 e2 38. d5 Qf1 39. Kh2 Rf2+ 40. Kh1 Qxg1+ 41. Kxg1 Rf1+ 42. Kg2 e1Q 43. Qd4+ Rf6 44. Qa7+ Kg8 45. Qb8+ Rf8 46. Qb6 Qe2+ 47. Kg1 Qf1+ 48. Kh2 Rf2+ 49. Qxf2 Qxf2+ 50. Kh1 Qxa2 51. h4 Qxb3 52. Kg1 Qb2 53. Kf1 a4 54. g4 a3 55. g5 a2 56. gxh6 a1R# 0-1

[Event "GER-ch U12 Girls"]
[Site "Willingen"]
[Date "2022.06.09"]
[Round "7"]
[White "Le, Thao Linh"]
[Black "Ignatova, Gabriela"]
[Result "1/2-1/2"]
[WhiteElo "1093"]
[BlackElo "1170"]
[PlyCount "81"]
[EventDate "2022.06.04"]
[EventType "swiss"]
[EventRounds "9"]
[EventCountry "GER"]
[SourceTitle "CBM 208 Extra"]
[Source "ChessBase"]
[SourceDate "2022.07.31"]
[SourceVersion "1"]
[SourceVersionDate "2022.07.31"]
[SourceQuality "1"]

1. e4 c5 2. Nf3 Nc6 3. d4 cxd4 4. Nxd4 g6 5. c4 Bg7 6. Be3 Nf6 7. Nc3 0-0 8. Be2 d6 9. 0-0 Bd7 10. Nc2 Ne5 11. Na3 a6 12. Qd2 Qc8 13. f3 Be6 14. b3 Rd8 15. Rfd1 Qd7 16. Rac1 Rac8 17. Na4 Qc6 18. Nc2 Nxc4 19. Bxc4 Bxc4 20. Nb4 Qb5 21. Nb6 Bxb3 22. axb3 Rxc1 23. Rxc1 a5 24. N4d5 Nxd5 25. Nxd5 e6 26. Nc7 Qxb3 27. Qe1 d5 28. Rb1 Qd3 29. exd5 exd5 30. Rxb7 Be5 31. Bb6 Bd4+ 32. Bxd4 Qxd4+ 33. Kf1 a4 34. Rb4 Qd3+ 35. Qe2 Qa3 36. Qd2 d4 37. Nb5 Qa1+ 38. Kf2 a3 39. Nxa3 Qxa3 40. Rxd4 Rxd4 41. Qxd4 1/2-1/2

[Event "GER-ch U12 Girls"]
[Site "Willingen"]
[Date "2022.06.05"]
[Round "1"]
[White "Mehner, Clara"]
[Black "Le, Thao Linh"]
[Result "0-1"]
[WhiteElo "1056"]
[BlackElo "1093"]
[PlyCount "118"]
[EventDate "2022.06.04"]
[EventType "swiss"]
[EventRounds "9"]
[EventCountry "GER"]
[SourceTitle "CBM 208 Extra"]
[Source "ChessBase"]
[SourceDate "2022.07.31"]
[SourceVersion "1"]
[SourceVersionDate "2022.07.31"]
[SourceQuality "1"]

1. e4 e5 2. Nf3 Nf6 3. Nxe5 d6 4. Nf3 Nxe4 5. Qe2 Qe7 6. d3 Nf6 7. Qxe7+ Bxe7 8. g3 Nc6 9. Bg2 Bg4 10. Nc3 Bxf3 11. Bxf3 Nd4 12. Bd1 d5 13. Be3 Bc5 14. Na4 b6 15. Nxc5 bxc5 16. c3 Ne6 17. Ba4+ Ke7 18. Kd2 d4 19. Bf4 g5 20. Be5 Rhd8 21. Rhe1 Rac8 22. f4 Nd5 23. f5 f6 24. Bxf6+ Kxf6 25. fxe6 Ne3 26. Bd7 Rb8 27. b3 a5 28. Re2 Ke7 29. Rf2 Rf8 30. Re2 Nf1+ 31. Ke1 Ne3 32. Rf2 Rxf2 33. Kxf2 Rf8+ 34. Ke2 Ng4 35. h3 Ne3 36. cxd4 cxd4 37. Rc1 Nd5 38. Kd2 Rf2+ 39. Ke1 Rf3 40. Rc5 Kd6 41. Ke2 Re3+ 42. Kd2 Kxc5 43. g4 Nb6 44. a3 Kd6 45. Ba4 Kxe6 46. b4 axb4 47. axb4 Rxh3 48. Bc6 Ke5 49. Ke2 Kf4 50. Kd2 Rh2+ 51. Ke1 Kxg4 52. Kd1 Kf4 53. Ke1 g4 54. Kf1 h5 55. Kg1 g3 56. Kf1 h4 57. b5 h3 58. Kg1 Rc2 59. Bb7 Rc1# 0-1

[Event "GER-ch U10 Girls"]
[Site "Willingen"]
[Date "2020.10.29"]
[Round "4"]
[White "Le, Thao Linh"]
[Black "Trunz, Tamila"]
[Result "0-1"]
[WhiteElo "1121"]
[BlackElo "1379"]
[PlyCount "46"]
[EventDate "2020.10.26"]
[EventType "swiss"]
[EventRounds "7"]
[EventCountry "GER"]
[SourceTitle "CBM 199 Extra"]
[Source "ChessBase"]
[SourceDate "2021.01.31"]
[SourceVersion "1"]
[SourceVersionDate "2021.01.31"]
[SourceQuality "1"]

1. e4 e5 2. Nc3 Nf6 3. g3 Bc5 4. Bg2 c6 5. Nge2 d5 6. d4 exd4 7. Nxd4 Qb6 8. Nce2 Nxe4 9. Bxe4 dxe4 10. 0-0 0-0 11. Qd2 Rd8 12. c3 Bh3 13. Re1 Nd7 14. b4 Be7 15. Nf4 Bg5 16. Qe2 Bxf4 17. Bxf4 Nf6 18. a4 Re8 19. Qc4 Nd5 20. Bd6 Qd8 21. Bc5 Qf6 22. Qe2 b6 23. Nxc6 bxc5 0-1

[Event "GER-ch U10 Girls"]
[Site "Willingen"]
[Date "2019.06.11"]
[Round "5"]
[White "Halas, Neele Zoe"]
[Black "Le, Thao Linh"]
[Result "1-0"]
[WhiteElo "1109"]
[BlackElo "1014"]
[PlyCount "61"]
[EventDate "2019.06.08"]
[EventType "swiss"]
[EventRounds "11"]
[EventCountry "GER"]
[SourceTitle "EXT 2020"]
[Source "ChessBase"]
[SourceDate "2019.10.17"]
[SourceVersion "1"]
[SourceVersionDate "2019.10.17"]
[SourceQuality "1"]

1. e4 e5 2. Nf3 Nf6 3. Nxe5 d6 4. Nf3 Nxe4 5. Nc3 Qe7 6. Nd5 Nc3+ 7. Nxe7 Nxd1 8. Nxc8 Nc6 9. Nxd6+ cxd6 10. Kxd1 d5 11. Bb5 Be7 12. Re1 a6 13. Bxc6+ bxc6 14. Nd4 Rc8 15. Nf5 Rc7 16. d4 g6 17. Nxe7 Rxe7 18. Rxe7+ Kxe7 19. Bf4 Re8 20. Kd2 Kf8 21. Re1 Rxe1 22. Kxe1 Ke7 23. Kd2 Ke6 24. Kd3 Kf5 25. Bg3 g5 26. c4 h5 27. h4 gxh4 28. Bxh4 Kg4 29. g3 Kf3 30. b4 Kxf2 31. g4+ 1-0

[Event "GER-ch U10 Girls"]
[Site "Willingen"]
[Date "2019.06.10"]
[Round "4"]
[White "Le, Thao Linh"]
[Black "Helber, Anna"]
[Result "1-0"]
[WhiteElo "1014"]
[BlackElo "896"]
[PlyCount "77"]
[EventDate "2019.06.08"]
[EventType "swiss"]
[EventRounds "11"]
[EventCountry "GER"]
[SourceTitle "EXT 2020"]
[Source "ChessBase"]
[SourceDate "2019.10.17"]
[SourceVersion "1"]
[SourceVersionDate "2019.10.17"]
[SourceQuality "1"]

1. e4 e5 2. f4 exf4 3. Bc4 Bc5 4. Nf3 Nf6 5. Nc3 0-0 6. d4 Bb6 7. 0-0 d6 8. Bxf4 Bd7 9. Kh1 Qe7 10. Qe2 Nc6 11. Qe3 Rae8 12. Rae1 Ng4 13. Qd3 Be6 14. Bxe6 fxe6 15. g3 Nb4 16. Qe2 c5 17. a3 Na6 18. Qd3 Ba5 19. e5 Bc7 20. Ng5 g6 21. h3 Nh6 22. Nge4 Nf7 23. Nf6+ Kh8 24. Nxe8 Rxe8 25. exd6 Nxd6 26. dxc5 Nxc5 27. Qd4+ Kg8 28. Qxc5 b6 29. Qc6 a6 30. Bh6 Nf5 31. Bf4 e5 32. Qc4+ Kf8 33. Bh6+ Qg7 34. Bxg7+ Kxg7 35. Qxc7+ Kf8 36. Rxe5 Rxe5 37. Qxe5 b5 38. Rxf5+ gxf5 39. Qxf5+ 1-0

[Event "GER-ch U10 Girls"]
[Site "Willingen"]
[Date "2019.06.09"]
[Round "1"]
[White "Moldovan, Tatiana"]
[Black "Le, Thao Linh"]
[Result "0-1"]
[WhiteElo "1269"]
[BlackElo "1014"]
[PlyCount "140"]
[EventDate "2019.06.08"]
[EventType "swiss"]
[EventRounds "11"]
[EventCountry "GER"]
[SourceTitle "EXT 2020"]
[Source "ChessBase"]
[SourceDate "2019.10.17"]
[SourceVersion "1"]
[SourceVersionDate "2019.10.17"]
[SourceQuality "1"]

1. e4 e5 2. Nf3 Nf6 3. Nxe5 d6 4. Nf3 Nxe4 5. d3 Nf6 6. Nc3 d5 7. Be2 Bd6 8. d4 0-0 9. Qd3 Re8 10. Be3 Nc6 11. 0-0-0 Bd7 12. h4 a5 13. Bg5 h6 14. Bxf6 Qxf6 15. Nxd5 Qe6 16. Nc3 Nb4 17. Qc4 Bf4+ 18. Kb1 Qxc4 19. Bxc4 Bf5 20. Bd3 Bxd3 21. cxd3 Re6 22. a3 Na6 23. Nd5 Bd6 24. g3 c6 25. Ne3 Rae8 26. Rhe1 c5 27. d5 R6e7 28. Nf5 Rxe1 29. Nxe1 Be5 30. Nf3 Bc7 31. d4 cxd4 32. Rxd4 Bb6 33. Rd2 Nc5 34. d6 Rd8 35. Ne5 Ne4 36. Rd5 Bxf2 37. g4 Kf8 38. h5 Bc5 39. d7 Bxa3 40. Kc2 Bb4 41. Kd3 Nf2+ 42. Ke2 Ne4 43. Ke3 Nf6 44. Rd4 Bc5 45. Kd3 Bxd4 46. Kxd4 Nxd7 47. Nxd7+ Rxd7+ 48. Ke5 b5 49. Nd6 a4 50. Kd5 b4 51. Kc5 Rxd6 52. Kxb4 Ra6 53. b3 a3 54. Kb5 a2 55. Kxa6 a1Q+ 56. Kb5 Qg1 57. g5 Qxg5+ 58. Kc4 Qxh5 59. b4 f5 60. b5 f4 61. b6 f3 62. b7 Qf7+ 63. Kd3 Qxb7 64. Ke3 Kf7 65. Kf2 Qe4 66. Kg3 Qe2 67. Kh3 Qg2+ 68. Kh4 f2 69. Kh5 f1R 70. Kh4 Rh1# 0-1